书目信息 |
| 题名: |
万能显微镜工作法
|
|
| 作者: | 徐孝恩 编著 | |
| 分册: | ||
| 出版信息: | 北京 机械工业出版社 1973 |
|
| 页数: | 162页 | |
| 开本: | 20cm | |
| 丛书名: | ||
| 单 册: | ||
| 中图分类: | TH741.8 | |
| 科图分类: | ||
| 主题词: | 光学仪器 | |
| 电子资源: | ||
| ISBN: | ||
| 000 | 00627nam0 2200229 450 | |
| 001 | 0639823391 | |
| 005 | 20060413110644.25 | |
| 010 | @dCNY0.65 | |
| 091 | @a15033.3654 | |
| 100 | @a20060413d1973 km y0chiy0120 ea | |
| 101 | 0 | @achi |
| 102 | @aCN@b110000 | |
| 102 | @aCN@b110000 | |
| 105 | @aa z 000yy | |
| 200 | 1 | @a万能显微镜工作法@Awan neng xian wei jing gong zuo fa@f徐孝恩编著@Fxu xiao en bian zhu |
| 210 | @a北京@c机械工业出版社@d1973 | |
| 215 | @a162页@c图表@d20cm | |
| 606 | 0 | @a光学仪器 |
| 690 | @aTH741.8@v3 | |
| 701 | 0 | @a徐孝恩@Axu xiao en@4编著 |
| 801 | 0 | @aCN@bPFT@c20060413 |
| 905 | @a10447@dTH741.8@e7 | |
| 万能显微镜工作法/徐孝恩编著.-北京:机械工业出版社,1973 |
| 162页:图表;20cm |
| ISBN :CNY0.65 |
| ● |
| 相关链接 |
|
|
|
|
正题名:万能显微镜工作法
索取号:TH741.8/7
 
预约/预借
| 序号 | 登录号 | 条形码 | 馆藏地/架位号 | 状态 | 备注 |
| 1 | 0017860 | 001365686 | 密集书库/ [索取号:TH741.8/7] | 在馆 |